000 00521nam a2200193Ia 4500
999 _c34106
_d34106
003 OSt
005 20200907134152.0
008 190216s9999||||xx |||||||||||||| ||und||
020 _a8183182968
040 _coclc
082 _a531
_bUPA/C
100 _aUpadhyaya, J C
_94329
245 0 _aClassical Mechanics /
_cJ C Upadhyaya
250 _a2nd Ed.
260 _bHimalaya Publishing House,
_aMumbai:
_c2005.
300 _a480p
650 _aPhysics
942 _cBK
_2ddc
_h531
_iUPA/C
_k531
_mUPA/C